000 00499nam a2200181Ia 4500
001 9590
005 20260306161729.0
008 260306t2009||||xx |||||||||||||| ||spa||
041 _aESP
082 _a382.4
_bI59
100 _aIndecopi
_eAUT
245 0 _aProductos agroindustriales de exportación:
_bcompendio de normas técnicas peruanas y guías para su implementación
260 _c2009
300 _a137 páginas :
_c29 cm.
650 _aGEN
654 _aCAN
942 _cLIB
_dJUS
_fJUS
_2ddc
_n
999 _c9590
_d9590